[Event "AUTO-ADV-141"]
[Site "http://www.queenalice.com/game.php?id=54187"]
[Date "2006.2.22"]
[Round "1"]
[White "melchior"]
[Black "Aachen"]
[Result "0-1"]
[WhiteElo "1424"]
[BlackElo "1718"]

1. c4 Nf6 2. Nf3 e6 3. g3 b6 4. Bg2 Bb7 5. O-O c5 6. d4 cxd4 7. Qxd4 Bc5 8. Qc3
O-O 9. Bg5 Be7 10. Rd1 Ne4 11. Bxe7 Qxe7 12. Qe3 Qc5 13. Qf4 Qxf2+ 14. Kh1 Qxe2
15. Nc3 Nxc3 16. bxc3 e5 17. Qg4 e4 18. Ne5 Qxg4 19. Nxg4 Na6 20. Rxd7 Bc6 21.
Rd6 Rac8 22. Ne5 Ba8 23. Rd7 Nc5 24. Rxa7 e3 25. Re1 Bxg2+ 26. Kxg2 Ne4 27. Rxe3
Nf6 28. Rf3 Ra8 29. Rxa8 Rxa8 30. Rf2 Ne4 31. Rxf7 Rxa2+ 32. Kf3 Ng5+ 33. Kg4
Nxf7 34. Nd7 Rc2 35. Nxb6 Rxc3 36. Kf4 Kf8 37. Ke4 Nd6+ 38. Kd4 Rb3 39. c5 Nf5+
40. Kd5 Ke8 41. Nc4 Kd8 42. c6 Kc7 43. Na5 Rb5+ 0-1

[Event "AUTO-ADV-141"]
[Site "http://www.queenalice.com/game.php?id=54188"]
[Date "2006.2.22"]
[Round "1"]
[White "Aachen"]
[Black "melchior"]
[Result "1-0"]
[WhiteElo "1642"]
[BlackElo "1405"]

1. d4 Nf6 2. Nf3 e6 3. Bf4 Be7 4. a3 d5 5. e3 O-O 6. Nbd2 Nbd7 7. c4 Nh5 8. Bg3
Nxg3 9. hxg3 c6 10. c5 b6 11. Bd3 bxc5 12. Bxh7+ Kh8 13. Qc2 Nf6 14. O-O-O cxd4
15. Nxd4 Qb6 16. g4 e5 17. g5 exd4 18. gxf6 Bxa3 19. Bg8+ 1-0

[Event "AUTO-ADV-141"]
[Site "http://www.queenalice.com/game.php?id=54189"]
[Date "2006.2.22"]
[Round "1"]
[White "melchior"]
[Black "TLT"]
[Result "0-1"]
[WhiteElo "1421"]
[BlackElo "1416"]

1. Nf3 c5 2. g3 d5 3. Bg2 Nc6 4. c4 Nf6 5. cxd5 Nxd5 6. Nc3 e5 7. Qa4 Nb6 8. Qb3
Be6 9. Qc2 Be7 10. Ne4 Rc8 11. Nxc5 Nd4 12. Nxd4 Bxc5 13. Qd3 Bxd4 14. Bxb7 Rc7
15. Be4 Bc4 16. Qa3 Bc5 17. Qf3 O-O 18. Qh5 f5 19. Bc2 g6 20. Qh6 Qa8 21. f3 e4
22. b3 exf3 23. e3 Ba6 24. Kf2 Nd5 25. Bb2 Bxe3+ 26. dxe3 Rxc2+ 27. Kxf3 Nf6+
28. Kf4 Qe4+ 0-1

[Event "AUTO-ADV-141"]
[Site "http://www.queenalice.com/game.php?id=54190"]
[Date "2006.2.22"]
[Round "1"]
[White "TLT"]
[Black "melchior"]
[Result "1-0"]
[WhiteElo "1351"]
[BlackElo "1441"]

1. e4 d6 2. d4 Nf6 3. Nc3 e5 4. dxe5 dxe5 5. Qxd8+ Kxd8 6. Bg5 Be7 7. O-O-O+ Bd7
8. Nf3 Nc6 9. Bb5 a6 10. Bxc6 bxc6 11. Nxe5 Bd6 12. Nxf7+ Ke7 13. Nxh8 Rxh8 14.
e5 Bxe5 15. Rhe1 h6 16. Rxe5+ Kf7 17. Bxf6 gxf6 18. Rxd7+ Kg6 19. Ree7 1-0

[Event "AUTO-INT-56"]
[Site "http://www.queenalice.com/game.php?id=55989"]
[Date "2006.3.6"]
[Round "2"]
[White "Icarvs"]
[Black "melchior"]
[Result "0-1"]
[WhiteElo "1483"]
[BlackElo "1363"]

1. e4 e6 2. d4 d5 3. Be3 Bd6 4. exd5 exd5 5. Bd3 Nf6 6. f3 O-O 7. Ne2 Re8 8. Qd2
Re6 9. O-O Qe7 10. Bg5 Ne4 11. Bxe7 Nxd2 12. Nxd2 Bxe7 0-1

[Event "AUTO-INT-56"]
[Site "http://www.queenalice.com/game.php?id=55990"]
[Date "2006.3.6"]
[Round "2"]
[White "melchior"]
[Black "Icarvs"]
[Result "1-0"]
[WhiteElo "1384"]
[BlackElo "1462"]

1. e4 e5 2. Nf3 f5 3. Bc4 Qf6 4. d4 d6 5. dxe5 dxe5 6. Bg5 Qd6 7. Nxe5 Qxd1+ 8.
Kxd1 Nh6 9. Re1 Bc5 10. exf5 Bxf2 11. Re2 Bxf5 12. Rxf2 1-0

[Event "AUTO-INT-56"]
[Site "http://www.queenalice.com/game.php?id=55995"]
[Date "2006.3.6"]
[Round "2"]
[White "melchior"]
[Black "WaZ"]
[Result "1-0"]
[WhiteElo "1401"]
[BlackElo "1894"]

1. d4 Nf6 2. c4 g6 3. Nc3 d5 4. Bg5 Bg7 5. Nf3 Ne4 6. cxd5 Nxg5 7. Nxg5 e6 8.
dxe6 Qxg5 9. exf7+ Kf8 10. Qb3 Nc6 11. e3 1-0

[Event "AUTO-INT-56"]
[Site "http://www.queenalice.com/game.php?id=55996"]
[Date "2006.3.6"]
[Round "2"]
[White "WaZ"]
[Black "melchior"]
[Result "1-0"]
[WhiteElo "1837"]
[BlackElo "1403"]

1. e4 Nf6 2. e5 Nd5 3. d4 d6 4. c4 Nb6 5. exd6 cxd6 6. Nc3 d5 7. c5 Nc4 8. Nf3
Nd7 9. Nxd5 e5 10. Bxc4 exd4 11. Bf4 Bxc5 12. Bc7 1-0

[Event "AUTO-INT-56"]
[Site "http://www.queenalice.com/game.php?id=55997"]
[Date "2006.3.6"]
[Round "2"]
[White "melchior"]
[Black "VICSAR"]
[Result "0-1"]
[WhiteElo "1461"]
[BlackElo "1712"]

1. d4 g6 2. c4 Bg7 3. Nc3 c6 4. e4 Qb6 5. Nf3 d6 6. Be3 c5 7. Na4 Qa5+ 8. Nc3
Bg4 9. Qa4+ Qxa4 10. Nxa4 Bxf3 11. gxf3 cxd4 12. Bd2 Nc6 13. O-O-O Nf6 14. Kb1
O-O 15. Bg2 e5 16. f4 Rfe8 17. b3 Nd7 18. Nb2 Nf6 19. Nd3 a6 20. Bh3 Nxe4 21.
Kc2 a5 22. a4 b6 23. Be1 Nc5 24. fxe5 dxe5 25. f3 Nxd3 26. Kxd3 Nb4+ 27. Ke4 f5+
28. Bxf5 gxf5+ 29. Kxf5 Rf8+ 30. Kg4 Nc2 31. Bh4 Ne3+ 32. Kh5 Rf5+ 0-1

[Event "AUTO-INT-56"]
[Site "http://www.queenalice.com/game.php?id=55998"]
[Date "2006.3.6"]
[Round "2"]
[White "VICSAR"]
[Black "melchior"]
[Result "1-0"]
[WhiteElo "1666"]
[BlackElo "1431"]

1. e4 e5 2. Nf3 f5 3. Nxe5 Qf6 4. d4 d6 5. Nf3 fxe4 6. Qe2 d5 7. Nc3 Bb4 8. Bd2
Bg4 9. Nxd5 Bxd2+ 10. Kxd2 Qd6 11. Nc3 Ne7 12. Qxe4 Bxf3 13. Qxf3 c6 14. Re1 Nd7
15. Bc4 O-O-O 16. Re6 Qb4 17. Bb3 Qxd4+ 18. Kc1 Nc5 19. Rxe7 Rhf8 20. Qh3+ Kb8
21. Qg3+ Ka8 22. Rhe1 Qd2+ 23. Kb1 Nxb3 24. axb3 Rxf2 25. Ne2 a5 26. Qxf2 b5 27.
Qa7# 1-0

[Event "AUTO-INT-87"]
[Site "http://www.queenalice.com/game.php?id=63897"]
[Date "2006.4.17"]
[Round "1"]
[White "melchior"]
[Black "eduarmi"]
[Result "0-1"]
[WhiteElo "1455"]
[BlackElo "1742"]

1. e4 e5 2. Nf3 Nc6 3. Bb5 a6 4. Bxc6 dxc6 5. Nxe5 Nf6 6. d4 Qe7 7. Bg5 Qb4+ 8.
c3 Qxb2 9. Nd2 Qxc3 10. Bxf6 gxf6 11. Nc4 Be6 12. Rc1 Qxd4 13. O-O Bd6 14. Nxd6+
cxd6 15. Qc2 Qc5 16. Qd3 Qg5 17. Qxd6 Rd8 18. Qb4 Rg8 19. g3 h5 20. Nf3 Qf4 21.
Rc3 Rd7 22. Kg2 f5 23. Nd4 Qxe4+ 24. f3 Qxd4 25. Qb2 h4 26. Rfc1 Qd2+ 27. Qxd2
Rxd2+ 28. Kh3 f4+ 0-1

[Event "AUTO-INT-87"]
[Site "http://www.queenalice.com/game.php?id=63898"]
[Date "2006.4.17"]
[Round "1"]
[White "eduarmi"]
[Black "melchior"]
[Result "0-1"]
[WhiteElo "1724"]
[BlackElo "1424"]

1. e4 e5 2. Bc4 Nf6 3. Nf3 Nc6 4. Ng5 d5 5. exd5 Nxd5 6. d3 Be7 7. O-O Bxg5 8.
Bxg5 Qxg5 9. Bxd5 Nd4 10. Nd2 c6 11. Ne4 Qg6 12. Bxf7+ Kxf7 13. Kh1 Rf8 14. f4
Kg8 15. Qd2 exf4 16. Rxf4 Rxf4 17. Qxf4 Nxc2 18. Rf1 Be6 19. Rf3 Nd4 20. Re3 Bd5
21. b3 Rf8 0-1

[Event "AUTO-INT-87"]
[Site "http://www.queenalice.com/game.php?id=63899"]
[Date "2006.4.17"]
[Round "1"]
[White "melchior"]
[Black "Antoine"]
[Result "1-0"]
[WhiteElo "1450"]
[BlackElo "1274"]

1. d4 d5 2. Nf3 Nc6 3. c4 dxc4 4. e3 Bf5 5. Bxc4 e5 6. Nc3 Nf6 7. Nxe5 Qe7 8.
Nxf7 Rg8 9. Ng5 Rh8 10. Nf7 Rg8 11. Nd6+ Qxd6 12. Bxg8 Nxg8 13. O-O Nf6 14. f3
Nb4 15. e4 Bd7 16. e5 Qe6 17. exf6 gxf6 18. f4 O-O-O 19. d5 Qb6+ 20. Kh1 Qc5 21.
a3 Na6 22. Qf3 Bd6 23. Be3 Qc4 24. Rac1 Qb3 25. Rf2 Nc5 26. Ne4 Bf5 27. Nxf6 Nd3
28. Rc3 Qb5 29. Rf1 Nxb2 30. Bxa7 Nc4 31. Qe2 Nxa3 32. Qxb5 Nxb5 33. Ra1 Nxc3
34. Bd4 Ne2 35. Ra8# 1-0

[Event "AUTO-INT-87"]
[Site "http://www.queenalice.com/game.php?id=63900"]
[Date "2006.4.17"]
[Round "1"]
[White "Antoine"]
[Black "melchior"]
[Result "0-1"]
[WhiteElo "1272"]
[BlackElo "1452"]

1. e4 c5 2. d4 e6 3. Nc3 cxd4 4. Qxd4 Nf6 5. b4 Nc6 6. a3 Nxd4 7. Bd3 d5 8. Be3
e5 9. Nxd5 Nxd5 10. exd5 Qxd5 11. c3 Nb3 12. Rd1 Qxg2 13. Bb5+ Ke7 14. Bg5+ Qxg5
15. Nf3 Qg2 16. Rg1 Qxf3 17. Rb1 Qe4+ 0-1

[Event "AUTO-INT-87"]
[Site "http://www.queenalice.com/game.php?id=63901"]
[Date "2006.4.17"]
[Round "1"]
[White "melchior"]
[Black "Arkanus"]
[Result "1-0"]
[WhiteElo "1468"]
[BlackElo "1273"]

1. e4 Nc6 2. Nf3 g6 3. d4 Nb4 4. Bd2 a5 5. a3 Nc6 6. Nc3 b6 7. d5 Na7 8. Be2 h5
9. O-O d6 10. e5 dxe5 11. Nxe5 e6 12. dxe6 fxe6 13. f4 Bc5+ 14. Kh1 Qh4 15. Nxg6
Qf6 16. Nxh8 Qxh8 17. Ne4 Ne7 18. Nxc5 Qxb2 19. Bxh5+ 1-0

[Event "AUTO-INT-87"]
[Site "http://www.queenalice.com/game.php?id=63902"]
[Date "2006.4.17"]
[Round "1"]
[White "Arkanus"]
[Black "melchior"]
[Result "0-1"]
[WhiteElo "1282"]
[BlackElo "1459"]

1. Nf3 b6 2. g3 Bb7 3. Bg2 e5 4. O-O d6 5. h4 Nf6 6. d3 Be7 7. c4 Nbd7 8. Qa4
O-O 9. d4 exd4 10. Nxd4 Nc5 11. Qc2 Bxg2 12. Kxg2 Qd7 13. Rh1 Nce4 14. Qd3 d5
15. cxd5 Qxd5 16. f3 Nc5 17. Qc3 Nce4 18. Qc6 Qxd4 19. fxe4 Nxe4 0-1